Japan entwicklungstendenzen in der textilmaschinenindustrie

में बचाया:
ग्रंथसूची विवरण
निगमित लेखक: Bundesstelle Fur Aussenhandelsinformation
स्वरूप: पुस्तक
भाषा:Undetermined
प्रकाशित: Koln Bundesstelle Fur Aussenhandelsinformation 1971
विषय:
टैग : टैग जोड़ें
कोई टैग नहीं, इस रिकॉर्ड को टैग करने वाले पहले व्यक्ति बनें!
Thư viện lưu trữ: Trung tâm Học liệu Trường Đại học Cần Thơ
LEADER 00576nam a2200181Ia 4500
001 CTU_96450
008 210402s9999 xx 000 0 und d
082 |a 338.4 
082 |b B942 
110 |a Bundesstelle Fur Aussenhandelsinformation 
245 0 |a Japan entwicklungstendenzen in der textilmaschinenindustrie 
245 0 |c Bundesstelle Fur Aussenhandelsinformation 
260 |a Koln 
260 |b Bundesstelle Fur Aussenhandelsinformation 
260 |c 1971 
650 |a Machinery industry 
904 |i Giang 
980 |a Trung tâm Học liệu Trường Đại học Cần Thơ